Electronic music: what city? - Statistics

General Stats
  • This quiz has been taken 43 times
  • The average score is 5 of 15
Answer Stats
Artist Town/City % Correct
Funki Porcini London
85%
David Guetta Paris
83%
The Chemical Brothers Manchester
61%
Jean-Michel Jarre Lyon
44%
Carl Craig Detroit
39%
Third Eye Foundation Bristol
37%
Kraftwerk Düsseldorf
32%
Amon Tobin Brighton
24%
Karlheinz Stockhausen Cologne
22%
Calvin Harris Dumfries
15%
DJ Krush Tokyo
12%
Squarepusher Chelmsford
5%
Aphex Twin Redruth
5%
Tiësto Breda
2%
DJ Shadow Davis
0%
No matching quizzes found
Score Distribution
Percent of People with Each Score
Percentile by Number Answered
Your Score History
You have not taken this quiz